Image

Дэлгэрэнгүй хайлт

Хүний эрхийн цагаан толгой / (Record no. 32439)

MARC details
000 -LEADER
fixed length control field 01073nam a22003377a 4500
003 - CONTROL NUMBER IDENTIFIER
control field MN-UlLSGH
005 - DATE AND TIME OF LATEST TRANSACTION
control field 20260626150506.0
008 - FIXED-LENGTH DATA ELEMENTS--GENERAL INFORMATION
fixed length control field 260626b mp fp||| |||| 00| 0 mon d
040 ## - CATALOGING SOURCE
Transcribing agency MN-ULPAL
041 1# - LANGUAGE CODE
Language code of text/sound track or separate title eng
Language code of original mon
041 1# - LANGUAGE CODE
Language code of text/sound track or separate title fre
Language code of accompanying material other than librettos and transcripts mon
041 1# - LANGUAGE CODE
Language code of text/sound track or separate title spa
Language code of original mon
041 1# - LANGUAGE CODE
Language code of text/sound track or separate title rus
Language code of original mon
041 1# - LANGUAGE CODE
Language code of text/sound track or separate title chi
Language code of original mon
041 1# - LANGUAGE CODE
Language code of text/sound track or separate title ara
Language code of original mon
084 ## - OTHER CLASSIFICATION NUMBER
Classification number 67.400.7
Item number Б559
100 0# - MAIN ENTRY--PERSONAL NAME
Personal name Болорсайхан, Б.
Relator term зохиогч
9 (RLIN) 14235
245 0# - TITLE STATEMENT
Title Хүний эрхийн цагаан толгой /
Statement of responsibility, etc. Зураач : Э.Мишээл
246 31 - VARYING FORM OF TITLE
Title proper/short title Alphabet of Human Rights
246 31 - VARYING FORM OF TITLE
Title proper/short title Алфавит прав человека
246 31 - VARYING FORM OF TITLE
Title proper/short title Alphabet Des Droits De L'homme
246 31 - VARYING FORM OF TITLE
Title proper/short title Alfabeto De Derechos Humanos
260 ## - PUBLICATION, DISTRIBUTION, ETC.
Place of publication, distribution, etc. Улаанбаатар
Date of publication, distribution, etc. 2026
300 ## - PHYSICAL DESCRIPTION
Extent 84 хуудастай
Dimensions 21 см
336 ## - CONTENT TYPE
Source rdacontent
Content type term text
Content type code txt
337 ## - MEDIA TYPE
Media type term rdamedia
Media type code unmediated
338 ## - CARRIER TYPE
Carrier type term volume
Carrier type code rdacarrier
650 #4 - SUBJECT ADDED ENTRY--TOPICAL TERM
Topical term or geographic name entry element хүний эрх
700 0# - ADDED ENTRY--PERSONAL NAME
Personal name Мишээл, Эрдэнэбаяр.
Relator term зураач
9 (RLIN) 16409
942 ## - ADDED ENTRY ELEMENTS (KOHA)
Source of classification or shelving scheme Оросын ном зүйн ангилал
Koha item type Ном - Books
Suppress in OPAC No
Holdings
Withdrawn status Lost status Source of classification or shelving scheme Damaged status Not for loan Home library Current library Date acquired Cost, normal purchase price Inventory number Total Checkouts Full call number Barcode Date last seen Price effective from Koha item type
    Оросын ном зүйн ангилал     Парламентын номын сан - Үндсэн фонд Парламентын номын сан - Салбар 06/26/2026 29500.00 25267   67.400.7 Б559 40451 06/26/2026 06/26/2026 Ном - Books
    Оросын ном зүйн ангилал     Парламентын номын сан - Үндсэн фонд Парламентын номын сан - Үндсэн фонд 06/26/2026 29500.00 25265   67.400.7 Б559 40449 06/26/2026 06/26/2026 Ном - Books
    Оросын ном зүйн ангилал     Парламентын номын сан - Үндсэн фонд Парламентын номын сан - Үндсэн фонд 06/26/2026 29500.00 25266   67.400.7 Б559 40450 06/26/2026 06/26/2026 Ном - Books